<?xml version="1.0" encoding="UTF-8"?><?xml-stylesheet type="text/xsl" href="static/style.xsl"?><OAI-PMH xmlns="http://www.openarchives.org/OAI/2.0/" xmlns:xsi="http://www.w3.org/2001/XMLSchema-instance" xsi:schemaLocation="http://www.openarchives.org/OAI/2.0/ http://www.openarchives.org/OAI/2.0/OAI-PMH.xsd"><responseDate>2026-04-14T16:57:51Z</responseDate><request verb="GetRecord" identifier="oai:uvadoc.uva.es:10324/58331" metadataPrefix="marc">https://uvadoc.uva.es/oai/request</request><GetRecord><record><header><identifier>oai:uvadoc.uva.es:10324/58331</identifier><datestamp>2023-01-18T20:01:38Z</datestamp><setSpec>com_10324_38</setSpec><setSpec>col_10324_852</setSpec></header><metadata><record xmlns="http://www.loc.gov/MARC21/slim" xmlns:doc="http://www.lyncode.com/xoai" xmlns:xsi="http://www.w3.org/2001/XMLSchema-instance" xmlns:dcterms="http://purl.org/dc/terms/" xsi:schemaLocation="http://www.loc.gov/MARC21/slim http://www.loc.gov/standards/marcxml/schema/MARC21slim.xsd">
<leader>00925njm 22002777a 4500</leader>
<datafield tag="042" ind1=" " ind2=" ">
<subfield code="a">dc</subfield>
</datafield>
<datafield tag="720" ind1=" " ind2=" ">
<subfield code="a">Galán López, Rodrigo</subfield>
<subfield code="e">author</subfield>
</datafield>
<datafield tag="260" ind1=" " ind2=" ">
<subfield code="c">2021</subfield>
</datafield>
<datafield tag="520" ind1=" " ind2=" ">
<subfield code="a">El trabajo consiste en el desarrollo de Applets en el entorno Processing para la visualización de líneas de campo electrostático generado por cargas&#xd;
puntuales y líneas de campo magnetostático generado por corrientes rectilíneas infinitas y espiras. El código opera bajo demanda del usuario,&#xd;
modificando las líneas de campo en función de la distribucion de cargas y corrientes escogida. Se ha seguido un procedimiento nuevo para evitar líneas&#xd;
de campo magnético abiertas que consiste en el uso de equipotenciales del potencial vector.</subfield>
</datafield>
<datafield tag="024" ind2=" " ind1="8">
<subfield code="a">https://uvadoc.uva.es/handle/10324/58331</subfield>
</datafield>
<datafield tag="245" ind1="0" ind2="0">
<subfield code="a">Desarrollo de Applets en Processing para la visualización de campos y otros fenómenos de carácter electromagnético</subfield>
</datafield>
</record></metadata></record></GetRecord></OAI-PMH>